Quizzes
Events
Quiz Creation
Community
Videos
Private Events
Remove Ads
Sign In
Join for FREE
Feedback
Dark Mode
Quiz Categories
Sports
Geography
Music
Movies
Television
Just For Fun
Miscellaneous
History
Literature
Language
Science
Gaming
Entertainment
Religion
Holiday
For Kids
Quiz Lab
Recent
Popular Today
Quiz Kudos Today
Editor Picks
Curator Picks
Quizzes by...
Day
Popularity
Type
Ratings
Length
Year
Community
Subscriptions
Recent Discussions
Orange Saloon
Badges
Playlists
Quests
Create
Leaderboards
Showdown
Live 5
Trivia Bingo
Activity
Puzzle Library
Sporcle Events
Private Events
Virtual Trivia
Globe League
Become a Host
Pub Owners
SporcleCon
Opinionation
Our Games
Videos
Blog
Mobile Apps
Partnerships
Remove Ads and Go Orange
Feedback
Gaming
Video Games
Board Games
Card Games
Pokémon
Mario
Nintendo
Minecraft
Console
Toys
Legend of Zelda
Gaming
Video Games
Board Games
Card Games
Pokémon
Mario
Nintendo
Minecraft
Console
Toys
Legend of Zelda
Random Quiz
Search Sporcle
×
Quiz Lab
Quiz Lab
Gaming
call
Type in answers that appear in a list
Type in answers that appear in a list
Classic
Best Score? Go Orange.
Call of Duty Black Ops 2-Grab Bag Stats
Can You Name the Call of Duty Black Ops 2-Grab Bag?
By
sparkman
20m
124 Questions
93 Plays
93 Plays
93 Plays
Comments
Comments
Give Quiz Kudos
Give Quiz Kudos
-
- Ratings
hide this ad
Replay
Link that replays current quiz
Next Quiz
Link to next quiz in quiz playlist
You Got
0%
They Got
Avg Score
60%
Avg Friend Score
Upgrade to see
Score Distribution
Jump to the score distribution portion of the page
Score
0/124
Timer
20:00
0
Plays Today
% Correct
UAV
88%
Nuketown Zombies
87%
RC-XD
87%
Nuketown 2025
85.9%
K9 Unit
84.8%
Swarm
82.6%
Care Package
81.5%
Counter-UAV
81.5%
Aftermath
80.4%
Hijacked
80.4%
Standoff
79.3%
Team Deathmatch
79.3%
Search & Destroy
77.2%
Hunter Killer
76.1%
Tranzit
76.1%
Hellstorm Missile
73.9%
Lightning Strike
73.9%
Free for All
73.9%
Domination
73.9%
Buried
73.9%
Drone
72.8%
Sticks & Stones
72.8%
Takeo
72.4%
Raid
71.7%
Guardian
71.7%
Sentry Gun
71.7%
Orbital VSAT
71.7%
David Mason
71.7%
One In the Chamber
71.7%
Gun Game
71.7%
Die Rise
71.7%
Mob of the Dead
71.7%
Alex Mason
70.7%
Frank Woods
70.7%
Grief
70.7%
Origins
70.4%
Richtofen
69.7%
Carrier
69.6%
Slums
68.5%
Stealth Chopper
68.5%
VTOL Warship
68.5%
Revolution
67.5%
% Correct
Turned
67.4%
Meltdown
67.4%
Cargo
67.4%
A.G.R
67.4%
Warthog
67.4%
Survival
67.4%
Lodestar
66.3%
Turbine
65.2%
Yemen
65.2%
Overflow
65.2%
Grind
65.2%
Capture the Flag
65.2%
Hardpoint
65%
Sal
64.5%
Studio
64.1%
Escort Drone
64.1%
Raul Menendez
64.1%
Demolition
64.1%
Russman
63.8%
Misty
63.8%
Kill Confirmed
63%
Apocalypse
62.5%
Plaza
62%
Death Machine
62%
EMP Systems
62%
Headquarters
62%
Dempsey
61.8%
Pod
61.7%
Uprising
61.3%
Vengeance
61.3%
Express
60.9%
War Machine
60.9%
Dragonfire
60.9%
Sharpshooter
60.9%
Weasel
60.5%
Nikolai
60.5%
Dig
60.5%
Vertigo
58.7%
Mirage
58.7%
Magma
57.6%
Frost
56.8%
Encore
56.5%
% Correct
Uplink
56.5%
Takeoff
55.6%
Hydro
55.4%
Marlton
55%
Rush
54.3%
Cove
54.3%
Mike Harper
54.3%
Javier Salazar
54.3%
Downhill
53.3%
Karma
53.3%
Multi Team
53.2%
Cordis Die
52.2%
Jason Hudson
52.2%
Billy
51.3%
Crosby
51.1%
Detour
48.9%
Suffer With Me
48.9%
Judgement Day
48.9%
Farid
48.9%
DeFalco
48.9%
Stuhlinger
48.8%
Old Wounds
47.8%
Fallen Angel
47.8%
Achilles Veil
47.8%
Chloe Lynch
47.8%
Celerium
46.7%
Time & Fate
46.7%
Odysseus
46.7%
Manuel Noriega
46.7%
Josefina
46.7%
Admiral Briggs
46.7%
Lev Kravchenko
46.7%
Pyrrhic Victory
45.7%
One Flag CTF
45.5%
Jonas Savimbi
44.6%
Tian Zhao
43.5%
Mark McKnight
43.5%
Mullah Rahman
42.4%
President Bosworth
42.4%
Finn
39.5%
Quiz Playlist
Details
Report
Send in Message
Add To Playlist
Classic:
Type in answers that appear in a list
Last Updated: Oct 18, 2022
Quiz Scoreboard
CHALLENGE
Sign Up to Join the Scoreboard
Show All
Scores
Hide
Comments
May contain spoilers
Recently Published
Alphabetical 'K' Countries by Flag Minefield
by ylime102
Geography
3m
Pick 6: Fruits
by JohnFran
Miscellaneous
15s
Click the 1999 NBA Draft
by nibperrychub
Sports
2m
More to Explore
Quiz From the Vault
Featured Blog Post
15 Basketball Trivia Facts You Can Be March Mad About
hide this ad
You Might Also Like...
Tags
black
call
map
Multiplayer
Multiplayer Maps
OPS
Today's Top Quizzes in Gaming
Browse Gaming
hide this ad
Today's Top Quizzes in call
Browse call
Top Contributed Quizzes in Gaming
1
Pokémon Gen IV Logic Puzzle (HARD)
2
HARD Pokemon Logic Puzzle
3
Honkai: Star Rail Technique Names Quiz
4
Order Genshin Impact characters by release date!
5
Genshin Impact Logic Puzzle
6
Genshin Impact Logic Puzzle Quiz
7
Stardew Valley Logic Puzzle
8
Danganronpa 1 Logic Puzzle
9
Pokémon Logic Puzzle (DIFFICULT)
10
Kingdom Hearts Logic Puzzle
Explore More
Trending Topics
Disney
Kpop
Harry Potter
Crossword
Anime
NBA
Marvel
Puzzle
The Office
Country
Pokémon
NFL
Soccer
Song
WWE
hide this ad
More By:
sparkman
Quiz
Plays
Rating
Category
Featured
Created
ATP Tennis Grand Slam Finals from 1990 Onwards?
1,304
3.33
Sports
Jul 28, 2014
Dark Souls 3-Grab Bag
1,007
4.67
Gaming
May 30, 2016
Super Metroid-Grab Bag
867
4.56
Gaming
Feb 9, 2012
Plants vs Zombies Garden Warfare 2-Grab Bag
850
5.00
Gaming
Apr 12, 2016
Far Cry 3-Wildlife
765
4.50
Gaming
Jan 3, 2013
Go to Creator's Profile
Score Distribution
Quiz Creator Spotlight
sparkman
Follow
Send a Message
Quizzes Created
-
Created Quiz Play Count
-
More By This Creator
Popular Quizzes Today
1
Countries of Asia Without Outlines Minefield
2
Find the US States - No Outlines Minefield
3
Pick 6: Fruits
4
Alphabetical 'K' Countries by Flag Minefield
5
The Countries of the World
6
Find the US States
7
US States
8
Find the Countries of Europe - No Outlines Minefield
More Gaming Quizzes
Mastermind XXI
Published
Trending Quizzes
Pick 6: Mountains
Pick 6: Harry Potter
Pick 6: Flags
Pick 6: NFL Teams
Pick 6: Movie Franchises
Recently Updated
NWSL Teams
pecheneg
Women's Final Four Teams by Year
bhenderson79
Presidents Quartet II
eogle
Anything But Clue(do)
eogle
Anything But Oceanian Capitals
eogle
Anything But 7
eogle
Anything But Thing
eogle
Word Ladder: February 29
pecheneg
Song Title Questions
pecheneg
Women's NCAA Tournament #1 Seeds
pecheneg
Trending Topics
Kpop
Harry Potter
Anime
Crossword
NBA
Marvel
Disney
WWE
NFL
Pokémon
Country
Song
Soccer
The Office
Puzzle
Your Account Isn't Verified!
In order to create a playlist on Sporcle, you need to verify the email address you used during registration. Go to your
Sporcle Settings
to finish the process.
Report this User
Report this user for behavior that violates our
Community Guidelines
.
Details:
Send Report
Go to the Sporcle.com Mobile Site →
Comments